[Event "34th World Open"]
[Site "Philadelphia USA"]
[Date "2006.07.01"]
[Round "4"]
[White "Fayvinov,Z"]
[Black "Lamastus Candal,J"]
[Result "0-1"]
[WhiteElo "2227"]
[BlackElo "2225"]

1.Nf3 d5 2.g3 Bg4 3.Bg2 Nd7 4.d4 c6 5.Nbd2 Ngf6 6.c4 e6 7.O-O Bd6 8.Re1 O-O
9.e4 dxe4 10.Nxe4 Nxe4 11.Rxe4 Nf6 12.Re1 Bb4 13.Rf1 Qe7 14.Be3 c5 15.Qb3 Bxf3
16.Bxf3 cxd4 17.Bxd4 Bc5 18.Bc3 Bb6 19.a4 Rab8 20.Rad1 Bc5 21.Be5 Rbd8 22.Bc3 b6
23.Qb5 e5 24.Rde1 e4 25.Re2 Qb7 26.Bg2 Bd4 27.Bxd4 Rxd4 28.a5 Qc7 29.a6 Rfd8
30.Qa4 h6 31.Qc2 Qc5 32.Rfe1 Qe5 33.Qc3 Qc5 34.b3 b5 35.Qa5 Rd3 36.Re3 Ng4
37.Rxd3 Qxf2+ 38.Kh1 Ne5 39.Rf1 Qc2 40.Rd2 Qxb3 41.Bxe4 Re8 42.Rd8  0-1

[Event "III Open"]
[Site "Sanxenxo ESP"]
[Date "2006.07.01"]
[Round "6"]
[White "Frois,A"]
[Black "Salgado Lopez,I"]
[Result "1/2-1/2"]
[WhiteElo "2356"]
[BlackElo "2358"]

1.Nf3 d5 2.g3 g6 3.Bg2 Bg7 4.O-O e5 5.d3 Ne7 6.e4 O-O 7.Nc3 d4 8.Nb1 c5 9.Nbd2 Nbc6
10.a4 Na5 11.b3 Bd7 12.Qe2 a6 13.Ba3 Rc8 14.Nc4 Nxc4 15.dxc4 Bg4 16.h3 Bxf3
17.Bxf3 a5 18.Bg2 Qd6 19.Bc1 b6 20.Qd3 Rce8 21.Bd2 f5 22.f4 exf4 23.Bxf4 Be5
24.Bxe5 Qxe5 25.Rae1 f4 26.gxf4 Rxf4 27.Rxf4 Qxf4 28.Rf1 Qe3+ 29.Qxe3 dxe3
30.Re1 Nc6 31.Rxe3 Ne5 32.Bf1 Rd8 33.Bd3 Kf7 34.Kf2 Ke6 35.Rg3 h6 36.Ke3 g5
37.Be2 Ng6 38.Rg1 Ke5 39.Rb1 Nf4 40.Bf1 h5 41.c3 g4 42.hxg4 hxg4 43.b4 g3
44.bxa5 bxa5 45.Rb5 g2 46.Bxg2 Nxg2+ 47.Kf2 Nf4 48.Rxc5+ Kxe4 49.Rxa5 Rd2+
50.Ke1 Ra2 51.Ra8 Nd3+ 52.Kf1 Kf3 53.Rf8+ Nf4 54.Ke1 Rxa4 55.c5 Rc4 56.Kd2 Rxc5  1/2-1/2

[Event "34th World Open"]
[Site "Philadelphia USA"]
[Date "2006.07.03"]
[Round "7"]
[White "Filipovich,D"]
[Black "Karell,L"]
[Result "1-0"]
[WhiteElo "2225"]
[BlackElo "2078"]

1.Nf3 d5 2.g3 Nf6 3.Bg2 c6 4.c4 dxc4 5.Na3 Bg4 6.Nxc4 Bxf3 7.Bxf3 Nbd7 8.d4 e6
9.O-O Be7 10.b3 O-O 11.Bb2 Rc8 12.e4 Re8 13.Qe2 c5 14.dxc5 Bxc5 15.Rfd1 Qe7
16.e5 Nd5 17.Bxd5 exd5 18.Rxd5 b5 19.Ne3 Nb6 20.Rd3 Nd7 21.Nd5 Qg5 22.b4 Nxe5
23.bxc5 Nxd3 24.Qxd3 Rxc5 25.Rd1 h6 26.h4 Qh5 27.Qd4 f6 28.Kg2 Rc4 29.Nxf6+ gxf6
30.Qxf6 Qg4 31.Qh8+ Kf7 32.Qf6+ Kg8 33.Qh8+ Kf7 34.Qh7+ Kf8 35.Qxh6+ Kg8
36.Rd5 Qe4+ 37.Kh2 Re7 38.Rd8+  1-0

[Event "III Open"]
[Site "Sanxenxo ESP"]
[Date "2006.07.03"]
[Round "9"]
[White "Frois,A"]
[Black "Reinaldo Castineira,R"]
[Result "0-1"]
[WhiteElo "2356"]
[BlackElo "2441"]

1.Nf3 d5 2.g3 Nc6 3.Bg2 e5 4.d3 Nf6 5.O-O Be7 6.c3 a5 7.a4 O-O 8.Qc2 Re8
9.e4 h6 10.Re1 Bf8 11.Na3 Be6 12.Nb5 Qd7 13.Bd2 Rad8 14.Rad1 Bg4 15.Bc1 Bc5
16.Qe2 Bb6 17.Qf1 dxe4 18.dxe4 Qe6 19.Rxd8 Rxd8 20.h3 Bxf3 21.Bxf3 Qb3 22.Na3 Qxa4
23.Bd1 Rxd1 24.Rxd1 Nxe4 25.Rd5 Nxg3 26.Qc4 Qxc4 27.Nxc4 Ne2+ 28.Kf1 Nxc1
29.Nxb6 cxb6 30.Rb5 a4 31.Rxb6 Na5 32.Rb4 Ncb3 33.Rxa4 Kf8 34.Rb4 Ke7 35.Rb5 Kd6
36.Ke2 f6 37.Rb6+ Kc7 38.Re6 Kd7 39.Rb6 Nc5 40.Rb5 Nab3  0-1

[Event "56th ch-RUS w Top League"]
[Site "Orel RUS"]
[Date "2006.07.04"]
[Round "6"]
[White "Fominykh,M"]
[Black "Bezgodova Filichkina,S"]
[Result "0-1"]
[WhiteElo "2332"]
[BlackElo "2243"]

1.Nf3 d5 2.g3 c5 3.c3 Nc6 4.d4 e6 5.Bg2 Nf6 6.O-O Be7 7.a3 O-O 8.b4 cxd4
9.cxd4 Bd7 10.Nbd2 Qb6 11.Nb3 a5 12.Ne5 axb4 13.Bg5 Be8 14.Nc5 Rxa3 15.Bxf6 Bxf6
16.Rxa3 bxa3 17.Ned7 Bxd7 18.Nxd7 Qxd4 19.Qb3 Qb2 20.Nxf6+ gxf6 21.Qxb2 axb2
22.Rb1 Ra8 23.Rxb2 Ra1+ 24.Bf1 Na5 25.e4 dxe4 26.Kg2 f5 27.Be2 Ra3 28.Rb5 Ra2
29.Kf1 Kg7 30.f3 exf3 31.Bxf3 Nc4 32.Be2 Nd2+ 33.Kg1 Ne4 34.Bf3 Nd6 35.Rb6 Ra6
36.Rb3 b5 37.Be2 Rb6 38.Rb4 Kf6 39.Kf2 Ke5 40.Ke3 Ra6 41.Rb3 Ra5 42.h3 h6
43.Kf3 Nc4 44.Rb4 Ra3+ 45.Kf2 Nd6 46.Bf3 Ra2+ 47.Kg1 Rc2 48.Kf1 Rc4 49.Rb3 Kd4
50.Be2 Rc3 51.Rb4+ Kc5 52.Rh4 Rxg3 53.Rxh6 b4 54.Rh8 b3 55.h4 Ne4 56.Rb8 Rc3
57.Bd1 Kd4 58.h5 Rc1 59.Kg2 b2 60.Rxb2 Rxd1 61.Rb7 Rd2+ 62.Kh3 Ke5 63.h6 Kf4
64.Rb4 Rd8  0-1

[Event "34th World Open"]
[Site "Philadelphia USA"]
[Date "2006.07.04"]
[Round "8"]
[White "Vijayalakshmi,S"]
[Black "Cherniack,A"]
[Result "1-0"]
[WhiteElo "2472"]
[BlackElo "2225"]

1.Nf3 d5 2.g3 c6 3.Bg2 Bg4 4.O-O Nd7 5.d3 e6 6.h3 Bh5 7.Nbd2 Bd6 8.b3 Ne7
9.Bb2 O-O 10.Qe1 a5 11.a3 Qb6 12.Kh1 a4 13.b4 c5 14.bxc5 Bxc5 15.Rb1 Qd6
16.Nd4 Rfc8 17.Nb5 Qa6 18.Ba1 Bb6 19.g4 Bg6 20.Qc1 Ba5 21.c4 f6 22.Bc3 Rab8
23.Rb2 Nc5 24.Bb4 dxc4 25.dxc4 h5 26.Qc3 Bxb4 27.axb4 Nd7 28.Qd4 Ne5 29.Na3 hxg4
30.hxg4 Rd8 31.Qf4 Qd6 32.Nf3 N7c6 33.c5 Qe7 34.Nc4 Nxf3 35.Qxf3 Rd4 36.Qg3 Rbd8
37.Nd6 Ne5 38.f4 Nc4 39.Qc3 R4xd6 40.cxd6 Nxd6 41.Rd2 Rc8 42.Qd4 Nc4 43.Rc1 b5
44.Qd7 Qxd7 45.Rxd7 Be8 46.Re7 Kf8 47.Rb7 Rd8 48.Kg1 Rd6 49.Kf2 Ra6 50.Rh1 Kg8
51.f5 Nd6 52.Rb8 Kf7 53.Rc1 Ke7 54.Rc7+ Bd7 55.Bb7 Ra7 56.fxe6 Kxe6 57.Bd5+ Kxd5
58.Rxa7 Bxg4 59.Rd8 Ke5 60.Rxg7 Be6 61.Rc7 f5 62.Rc5+ Bd5 63.Rxd6 Kxd6 64.Rxb5 a3
65.Ra5 a2 66.Ke3 Kc6 67.Kf4 Bc4 68.e3 Bd3 69.Rxa2 Kb5 70.Ra5+ Kxb4 71.Rxf5  1-0

[Event "XXIX Open"]
[Site "Barbera del Valles ESP"]
[Date "2006.07.05"]
[Round "1"]
[White "Asensio Linan,T"]
[Black "Frances Cuscullola,O"]
[Result "1/2-1/2"]
[WhiteElo "2236"]
[BlackElo "2009"]

1.Nf3 d5 2.g3 Nf6 3.Bg2 Bf5 4.d3 Nbd7 5.O-O e5 6.Bg5 Bd6 7.Nfd2 h6 8.Bxf6 Nxf6
9.c4 c6 10.cxd5 cxd5 11.Qb3 Qb6 12.Qxb6 axb6 13.Nc3 Be6 14.Nb5 Kd7 15.f4 Bc5+
16.d4 exd4 17.Nb3 Bg4 18.N5xd4 Rhe8 19.Rfe1 Bb4 20.Rec1 Bxe2 21.Bh3+ Bg4
22.Bf1 Rec8 23.h3 Bh5 24.Rxc8 Rxc8 25.f5 g6 26.g4 Nxg4 27.hxg4 Bxg4 28.fxg6 fxg6
29.Bd3 g5 30.Kg2 h5 31.Rf1 Rf8 32.Rxf8 Bxf8 33.Bf5+ Bxf5 34.Nxf5 Ke6 35.Nfd4+ Kf6
36.Nb5 Kf5 37.N3d4+ Ke4 38.Ne6 Be7 39.Nc3+ Ke5 40.Ng7 h4 41.Kf3 d4 42.Ne2 Bf8
43.Ne8 Bb4 44.Nc1 Bd2 45.Nd3+ Kd5 46.Nf6+ Ke6 47.Ne4 Be3 48.b3 Kd5 49.Nf6+ Ke6
50.Ng4 Bd2 51.Ke4 Bc3 52.Nc1 Kd6 53.Ne2 Kc5 54.Nf2 Kb4 55.Nxd4 Ka3 56.Nb5+ Kxa2
57.Nxc3+ Kxb3 58.Nb5 Ka4 59.Nd6 b5 60.Nxb7 b4 61.Kd4 Ka3 62.Na5 b3 63.Kc3 Ka4
64.Nxb3 Kb5 65.Nd4+ Kc5 66.Kd3 Kd5 67.Ng4 Kc5 68.Ke4 h3 69.Nf3 Kc4 70.Nd2+ Kc5
71.Kf3 Kd4 72.Kg3 Kd3 73.Nf3 Ke4 74.Nfh2 Kf5 75.Kxh3 Kf4 76.Nf1 Kf5 77.Kg3 Kg6
78.Kf3 Kf5 79.Nfe3+ Kg6 80.Ke4 Kf7 81.Kd5 Ke7 82.Kc5 Ke6 83.Kc6 Ke7 84.Nf5+ Ke6
85.Nd4+ Ke7 86.Kc7 Ke8 87.Nf5 Kf7 88.Kd7 Kg6 89.Ng3 Kf7 90.Nf5 Kf8 91.Nd6 Kg7
92.Ke6 Kg6 93.Ke5 Kh5 94.Kf5 Kh4 95.Ne4 Kh3 96.Nef2+ Kg3 97.Ke4 Kg2 98.Nd1 Kg3
99.Nde3 Kh3 100.Nf2+ Kg3 101.Nfg4 Kh3 102.Kf3 Kh4 103.Nf5+ Kh5 104.Ne7 Kh4
105.Nc6 Kh5 106.Nce5 Kh4 107.Kf2 Kh3 108.Ne3 g4 109.Ng2 g3+ 110.Kf1 Kh2 111.Nf3+ Kh3
112.Ne5 Kh2 113.Nc4 Kh1 114.Ne5 Kh2 115.Nc4 Kh1 116.Nb2 Kh2 117.Nd1 Kh3 118.Nde3 Kh2
119.Ng4+ Kh3 120.Nh6 Kh2 121.Ng4+ Kh3 122.N4e3 Kh2 123.Ke2 Kg1 124.Kf3 Kh2
125.Nd5 Kh3 126.Ndf4+ Kh2 127.Ne3 g2 128.Ng4+ Kg1 129.Nd3 Kf1 130.Nh2+ Kg1
131.Kg3 Kh1 132.Nf2+ Kg1 133.Ne4 Kh1 134.Nf2+ Kg1 135.Nf3+ Kf1 136.Nd2+  1/2-1/2

[Event "56th ch-RUS w Top League"]
[Site "Orel RUS"]
[Date "2006.07.05"]
[Round "7"]
[White "Bezgodova Filichkina,S"]
[Black "Shumiakina,T"]
[Result "0-1"]
[WhiteElo "2243"]
[BlackElo "2341"]

1.Nf3 d5 2.g3 c6 3.Bg2 Bg4 4.h3 Bh5 5.g4 Bg6 6.Ne5 Nd7 7.Nxg6 hxg6 8.c4 e6
9.b3 Bd6 10.Bb2 Ngf6 11.d3 Qe7 12.Qc2 g5 13.Nd2 Nf8 14.O-O-O Ng6 15.e3 Ba3
16.Kb1 Bxb2 17.Qxb2 O-O 18.Nf3 Nd7 19.cxd5 cxd5 20.d4 Rfc8 21.Bf1 Qf6 22.Ne1 Rc7
23.Bd3 Rac8 24.f3 Nh4 25.Rf1 e5 26.dxe5 Nxe5 27.Be2 Qe6 28.f4 Nc6 29.Qd2 d4
30.exd4 Nxd4 31.Qxd4 Qxe2 32.Rf2 Qe7 33.f5 a6 34.Nc2 Nf3 35.Qe3 Qxe3 36.Nxe3 Ne5
37.f6 Rc1+ 38.Rxc1 Rxc1+ 39.Kxc1 Nd3+ 40.Kc2 Nxf2 41.Kc3 Nxh3 42.Kd4 Nf2
43.a4 gxf6 44.Kc5 Kf8 45.Kb6 Nxg4 46.Nxg4 f5 47.Nf2 f4 48.Kxb7 f5 49.b4 g4
50.b5 axb5 51.a5 g3 52.Nh3 f3 53.a6 f2 54.a7 f1=Q 55.a8=Q+ Kg7 56.Qd8 Qxh3
57.Qe7+ Kg6 58.Qe6+ Kg5 59.Qe3+ Kg4 60.Qe2+ Kf4 61.Qd2+ Kf3 62.Ka6 Qf1 63.Qd5+ Kg4
64.Qd4+ Kh3 65.Qh8+ Kg2 66.Qd4 f4 67.Qd2+ Qf2 68.Qd5+ f3 69.Kxb5 Qe2+ 70.Kc6 Kg1
71.Qg5 Qc2+ 72.Kd7 g2 73.Qe3+ f2 74.Qb6 Qd3+ 75.Kc8 Kf1  0-1

[Event "35th TCh-GRE"]
[Site "Ermioni GRE"]
[Date "2006.07.07"]
[Round "6"]
[White "Kanellopoulos,P"]
[Black "Vaisser,A"]
[Result "1-0"]
[WhiteElo "2271"]
[BlackElo "2568"]

1.Nf3 d5 2.g3 Bg4 3.Bg2 Nd7 4.d3 e6 5.Nbd2 Ngf6 6.e4 dxe4 7.dxe4 Bc5 8.Qe2 e5
9.O-O Qe7 10.Nc4 O-O 11.Bg5 Qe6 12.a3 a5 13.Rad1 Qa6 14.Rfe1 Be6 15.Ncxe5 Nxe5
16.Nxe5 Qxe2 17.Rxe2 Rfd8 18.Red2 Rxd2 19.Rxd2 h6 20.Bxf6 gxf6 21.Nf3 Ra6
22.c3 Rd6 23.Rxd6 Bxd6 24.Nd4 Bd7 25.f4 b5 26.Kf2 b4 27.axb4 axb4 28.Ke3 bxc3
29.bxc3 Kg7 30.Bf1 Bc5 31.Bd3 Bb6 32.Kd2 Kf8 33.Bc2 Ke7 34.Kd3 Kf8 35.Kc4 Ba5
36.Bd1 Ke7 37.g4 c5 38.Nc2 Be6+ 39.Kd3 Bc7 40.f5 Ba2 41.Ne3 Bxh2 42.c4 Bb1+
43.Bc2 Bxc2+ 44.Nxc2 Bg3 45.Ke3 Kd6 46.Kf3 Bh4 47.Na1 Be1 48.Nb3 Bc3 49.Kf4 Bb4
50.Kf3 Ke5 51.Ke3 Ba3 52.Kf3 Kd6 53.Kf4 Bb2 54.Kf3  1-0

[Event "56th ch-RUS w Top League"]
[Site "Orel RUS"]
[Date "2006.07.07"]
[Round "9"]
[White "Bezgodova Filichkina,S"]
[Black "Girya,O"]
[Result "1/2-1/2"]
[WhiteElo "2243"]
[BlackElo "2201"]

1.Nf3 d5 2.g3 c5 3.Bg2 Nc6 4.d4 Nf6 5.O-O Bf5 6.c4 e6 7.cxd5 exd5 8.Nc3 Be7
9.dxc5 Bxc5 10.Bg5 d4 11.Nb5 O-O 12.Rc1 Bb6 13.Qa4 h6 14.Nh4 Bg4 15.Bxf6 Qxf6
16.Nf3 Rfe8 17.h3 Bh5 18.Qc4 Rad8 19.Rfd1 a6 20.Na3 Ne5 21.Nxe5 Rxe5 22.Rd2 Rc5
23.Qxc5 Bxc5 24.Rxc5 Bg6 25.Nc4 Qe7 26.b4 Be4 27.Re5 Qxb4 28.Bxe4 Qxc4 29.Rc2 Qa4
30.Bd3 g6 31.h4 h5 32.Kg2 Rd6 33.Rc7 b6 34.Bc4 Rf6 35.Ree7 Qa5 36.Bxf7+ Rxf7
37.Rxf7 Qd5+ 38.Rf3 Qxa2 39.Rc8+ Kg7 40.Rc7+ Kg8 41.Rf6 Qxe2 42.Rxg6+ Kh8
43.Rxb6 Qe8 44.Rxa6 Qd8 45.Rc5 d3 46.Rxh5+ Kg7 47.Rg5+ Kf7 48.Rf5+ Ke7 49.Re5+ Kf7
50.Ra1 d2 51.Rd1 Qd3 52.Ra5 Qe4+ 53.Kh3 Qe2 54.Raa1 Kg6 55.Kg2 Kf5 56.h5 Kg4
57.h6 Qf3+ 58.Kf1 Qh1+ 59.Ke2 Qf3+ 60.Kxd2 Qxf2+ 61.Kc3 Qxg3+ 62.Kb4 Qf4+
63.Kc5 Qc7+ 64.Kb5 Qb7+ 65.Kc4 Qc6+  1/2-1/2

[Event "35th TCh-GRE"]
[Site "Ermioni GRE"]
[Date "2006.07.08"]
[Round "7"]
[White "Managadze,N"]
[Black "Mastrovasilis,A"]
[Result "1/2-1/2"]
[WhiteElo "2444"]
[BlackElo "2521"]

1.Nf3 d5 2.g3 g6 3.Bg2 Bg7 4.d4 Nf6 5.O-O O-O 6.c3 c6 7.Bf4 Nh5 8.Bxb8 Rxb8
9.Nbd2 Nf6 10.Ne5 Bf5 11.Re1 Qc7 12.e3 Nd7 13.Nxd7 Bxd7 14.e4 dxe4 15.Nxe4 Rfe8
16.Qf3 Be6 17.Qe2 Bd5 18.f4 Rbd8 19.Qf2 b6 20.Nd2 e6 21.Bxd5 Rxd5 22.Nc4 Red8
23.Ne3 R5d7 24.Rad1 h5 25.a3 Bf8 26.b4 c5 27.dxc5 bxc5 28.Rxd7 Rxd7 29.Rd1 Rxd1+
30.Nxd1 cxb4 31.cxb4 a5 32.Qd4 axb4 33.axb4 Qb7 34.Nf2 Qxb4 35.Qxb4 Bxb4
36.Kg2 Kg7 37.h3 f5 38.Nd3 Bd6 39.g4 Kf6 40.Kf3 Ke7 41.g5 Bc7 42.Ke3 Bb6+
43.Ke2 Bd4 44.Ne1 Bb2 45.Nf3 Kf7 46.Kd2 e5 47.fxe5 Ke6 48.Nh4 Kf7 49.Nf3 Ke6
50.Nh4 Kxe5 51.Nxg6+ Ke4 52.Ke2 Bc1 53.Nh4 Bxg5 54.Nxf5 Kxf5  1/2-1/2

[Event "21st North Sea Cup"]
[Site "Esbjerg DEN"]
[Date "2006.07.09"]
[Round "3"]
[White "Schebler,G"]
[Black "Pedersen,G"]
[Result "1-0"]
[WhiteElo "2499"]
[BlackElo "2236"]

1.Nf3 d5 2.g3 e6 3.Bg2 c5 4.O-O Nc6 5.d4 Nf6 6.c4 Be7 7.cxd5 exd5 8.Be3 c4
9.Ne5 O-O 10.b3 cxb3 11.Qxb3 Na5 12.Qa4 Be6 13.Bd2 Nc4 14.Nxc4 dxc4 15.e3 Bd5
16.Nc3 Bxg2 17.Kxg2 Qc8 18.e4 Rd8 19.d5 a6 20.Qc2 b5 21.Ne2 Re8 22.f3 Bc5
23.Bf4 Ba7 24.Rad1 Nd7 25.h4 Qb7 26.h5 Rac8 27.h6 g6 28.Nd4 Bxd4 29.Rxd4 f6
30.Rb1 Qb6 31.Qc3 Qc5 32.a4 Ne5 33.d6 Rb8 34.Rd5 Qc6 35.axb5 axb5 36.Bxe5 Rxe5
37.Rxe5 fxe5 38.Qxe5 Qd7 39.Qd5+ Kf8 40.Ra1 b4 41.Qd4 Rb7 42.Qf6+  1-0

[Event "35th TCh-GRE"]
[Site "Ermioni GRE"]
[Date "2006.07.10"]
[Round "9"]
[White "Papadimitriou,A"]
[Black "Kazantzidis,I"]
[Result "0-1"]
[WhiteElo "1972"]
[BlackElo "2015"]

1.Nf3 d5 2.g3 Nc6 3.d4 Bf5 4.c4 e6 5.Qa4 Bb4+ 6.Bd2 Bxd2+ 7.Nbxd2 Ne7 8.Bg2 O-O
9.O-O Be4 10.Rfd1 Bxf3 11.Nxf3 Nc8 12.cxd5 exd5 13.Ne5 N6e7 14.Rac1 Nd6 15.Qd7 Qxd7
16.Nxd7 Rfc8 17.Bh3 Nef5 18.Nc5 Rab8 19.e4 dxe4 20.Nxe4 g6 21.Nxd6 cxd6 22.Bxf5 gxf5
23.Re1 Kf8 24.Kg2 Rc6 25.d5 Rc5 26.Rxc5 dxc5 27.Re5 b5 28.Rxf5 c4 29.Rh5 b4
30.Rxh7 Ke7 31.d6+ Kxd6 32.Rxf7 c3 33.bxc3 bxc3 34.Rf3 Rc8 35.Rd3+ Ke5 36.Rd1 c2
37.Rc1 Kd4 38.h4 Kd3 39.g4 Kd2 40.Rh1 Rb8 41.h5 Rb1 42.h6 Rxh1 43.Kxh1 c1=Q+
44.Kh2 Qf1 45.Kg3 Ke2 46.g5 Qxf2+ 47.Kg4 Qf3+ 48.Kh4 Ke3 49.g6 Kf4  0-1

[Event "3rd South Wales Int"]
[Site "Caerleon WLS"]
[Date "2006.07.11"]
[Round "5"]
[White "Pavlovic,Milo"]
[Black "Klein,Fe"]
[Result "1-0"]
[WhiteElo "2497"]
[BlackElo "2205"]

1.Nf3 d5 2.g3 c6 3.Bg2 Bg4 4.O-O Nd7 5.d4 e6 6.Nbd2 Ngf6 7.Re1 Be7 8.c3 O-O
9.Qb3 Qb6 10.e4 dxe4 11.Nxe4 Nxe4 12.Rxe4 Nf6 13.Re1 Qxb3 14.axb3 Bxf3 15.Bxf3 Rfd8
16.b4 a6 17.Bd1 Nd5 18.Kg2 g6 19.Bb3 Kg7 20.Bd2 Kg8 21.Re2 h5 22.f4 Kf8 23.h3 Ke8
24.Rd1 Kd7 25.c4 Nxb4 26.d5 cxd5 27.Bxb4 Bxb4 28.cxd5 exd5 29.Rxd5+ Kc7 30.Rxd8 Rxd8
31.Bxf7 Rd2 32.Rxd2 Bxd2 33.h4 Bc1 34.b3 b5 35.Bxg6 Kd7 36.Bxh5 a5 37.Bd1 Ke6
38.Kf3 Kf6 39.g4 Bb2 40.g5+ Kg6 41.Kg4 Bc1 42.h5+ Kg7 43.h6+ Kf7 44.Kf5 Bd2
45.g6+  1-0

[Event "16th Heart of Finland Open"]
[Site "Jyvaskyla FIN"]
[Date "2006.07.12"]
[Round "2"]
[White "Boos,M"]
[Black "Tahirov,F"]
[Result "0-1"]
[WhiteElo "2211"]
[BlackElo "2583"]

1.Nf3 d5 2.g3 c5 3.Bg2 Nc6 4.O-O e5 5.d3 Nf6 6.Nbd2 h6 7.e4 dxe4 8.dxe4 Be6
9.c3 Be7 10.Qa4 O-O 11.Nc4 Qc7 12.Ne3 Rfd8 13.Nh4 Qa5 14.Qc2 c4 15.Bd2 Rd7
16.a3 Rad8 17.Rad1 Qb6 18.Bf3 Na5 19.Bc1 Nb3 20.Rxd7 Rxd7 21.Rd1 Rd3 22.Nhg2 Bc5
23.Kf1 Qc6 24.Re1 Nxe4 25.Kg1 f5 26.Re2 Nxc1 27.Qxc1 Nxg3 28.hxg3 Qxf3 29.Qc2 Bxe3
30.Nxe3 f4 31.gxf4 exf4 32.Ng2 Bd5 33.Ne1 Qh1+  0-1

[Event "ch-Paris"]
[Site "Paris FRA"]
[Date "2006.07.12"]
[Round "5"]
[White "Peyrat,O"]
[Black "Guliyev,N"]
[Result "0-1"]
[WhiteElo "2251"]
[BlackElo "2543"]

1.Nf3 d5 2.g3 Nf6 3.Bg2 c6 4.O-O Bf5 5.b3 e6 6.Bb2 Nbd7 7.d3 Bd6 8.e4 Bg4
9.Qe1 dxe4 10.dxe4 Bxf3 11.Bxf3 Be5 12.c3 O-O 13.Qe2 b5 14.Bg2 Qb6 15.Kh1 Bd6
16.c4 e5 17.cxb5 cxb5 18.Nc3 a6 19.Rad1 Rfe8 20.Bh3 Rad8 21.Bxd7 Rxd7 22.Nd5 Nxd5
23.Rxd5 Rde7 24.Rfd1 Re6 25.Kg2 Bf8 26.Rc1 g6 27.Rc2 h5 28.Qd3 Bg7 29.Qc3 Qb7
30.Qc7 Qa8 31.f3 Bf6 32.Rd7 Bd8 33.Qb7 Qxb7 34.Rxb7 Ba5 35.Rd7 Ra8 36.Kf1 Kf8
37.Ke2 Ke8 38.Rd5 f6 39.h3 Rd8 40.Rcc5 Bb6 41.Rxd8+ Kxd8 42.Rd5+ Kc7 43.Ba3 Rc6
44.Bb2 Ba5 45.Kd3 Be1 46.g4 hxg4 47.hxg4 g5 48.Ba3 b4 49.Bb2 Kb6 50.Rd7 a5
51.Rd5 Ka6 52.Rd8 Bf2 53.Ra8+ Ba7 54.Rd8 Bb6 55.Rd5 Bc7 56.Kd2 Re6 57.a3 Rc6
58.a4 Bb6 59.Rd3 Bf2 60.Kd1 Kb6 61.Kd2 Bc5 62.Ke2 Rc7 63.Bc1 Bd4 64.Bd2 Rh7
65.Kd1 Rh2 66.Be1 Kc5 67.Rd2 Rh1 68.Ke2 Rxe1+ 69.Kxe1 Bc3 70.Ke2 Bxd2 71.Kxd2 Kd4  0-1

[Event "6th TCh-Euro u18"]
[Site "Balatonlelle HUN"]
[Date "2006.07.13"]
[Round "2"]
[White "Bogosavljevic,B"]
[Black "Berczes,D"]
[Result "0-1"]
[WhiteElo "2302"]
[BlackElo "2461"]

1.Nf3 d5 2.g3 Nf6 3.Bg2 c6 4.O-O Bg4 5.Ne5 Bf5 6.c4 e6 7.d4 Nbd7 8.Nc3 Be7
9.Qb3 Nxe5 10.dxe5 Nd7 11.Qxb7 O-O 12.cxd5 cxd5 13.e4 Nc5 14.Qb5 dxe4 15.Rd1 Qc7
16.Be3 Qxe5 17.Bd4 Qc7 18.b4 Nd7 19.Rac1 Rab8 20.Qe2 Bg5 21.Be3 Bxe3 22.Qxe3 Nb6
23.Nb5 Qe7 24.Qc5 Qxc5 25.bxc5 Nd5 26.Nd6 Bg4 27.Rd4 Nc3 28.Rxe4 Nxe4 29.Bxe4 Rfd8
30.f3 Bh5 31.Kf2 Rd7 32.g4 Bg6 33.Bc6 Rc7 34.Ba4 a6 35.Ke3 Rb4 36.Bb3 a5
37.c6 a4 38.Bd1 Kf8 39.Rc5 Rb6 40.Bxa4 Ra6 41.Rc4 Ke7 42.Nb7 f6 43.Kd4 Be8
44.Nc5 Raa7 45.Nd3 Kd6 46.Bb3 Rxc6 47.Rb4 e5+ 48.Ke3 Bf7 49.Rb8 Bxb3 50.axb3 Rcc7
51.b4 Ra3 52.Rd8+ Rd7 53.Rxd7+ Kxd7 54.Ke4 Kd6 55.h4 Ra2 56.f4 exf4 57.Nxf4 Rb2
58.Nd3 Re2+ 59.Kf3 Re7 60.Kf4 Kd5 61.Nc5 Kc4 62.g5 fxg5+ 63.hxg5 Kxb4 64.Ne4 Kc4
65.g6 hxg6 66.Ng3 Kd5 67.Kg5 Re1 68.Kf4 Ke6  0-1

[Event "II Int Open"]
[Site "Alajuela CRC"]
[Date "2006.07.14"]
[Round "5"]
[White "Valdes,Le"]
[Black "Mitkov,N"]
[Result "1/2-1/2"]
[WhiteElo "2400"]
[BlackElo "2563"]

1.Nf3 d5 2.g3 c6 3.Bg2 Bg4 4.c4 e6 5.Ne5 Bf5 6.cxd5 exd5 7.Qb3 Qb6 8.Qf3 Be6
9.b3 Nf6 10.Bb2 Bd6 11.O-O O-O 12.Qd3 Qc7 13.Nf3 Nbd7 14.Nc3 Nc5 15.Qd4 Bg4
16.h3 Ne6 17.Qd3 Bh5 18.Qc2 Rae8 19.Kh2 Nd7 20.e3 Bg6 21.d3 h6 22.Rfd1 Bh5
23.Ne2 f5 24.Re1 Ng5 25.Neg1 Nxf3+ 26.Nxf3 Nc5 27.Rac1 Ne6 28.Nd4 Rf7 29.a3 Nxd4
30.Bxd4 Bxa3 31.Ra1 Bd6 32.Bxa7 Rfe7 33.Rf1 Be5 34.d4 Bd6 35.Bc5 Bxc5 36.Qxc5 g5
37.Rac1 Bf7 38.Qc3 f4 39.exf4 gxf4 40.Rce1 Bh5 41.Rxe7 Rxe7 42.Re1 Rxe1 43.Qxe1 fxg3+
44.fxg3 Bg6 45.Qe3 Kg7 46.Qe2 Qb6 47.h4 Bf5 48.Qe8 Bg6 49.Qe2 Bf5 50.Qe8 Bg6  1/2-1/2

[Event "16th Heart of Finland Open"]
[Site "Jyvaskyla FIN"]
[Date "2006.07.14"]
[Round "6"]
[White "Boos,M"]
[Black "Karttunen,M"]
[Result "1/2-1/2"]
[WhiteElo "2211"]
[BlackElo "2422"]

1.Nf3 d5 2.g3 Nf6 3.Bg2 c6 4.O-O Bg4 5.d3 Bxf3 6.Bxf3 g6 7.c4 e6 8.cxd5 exd5
9.e4 dxe4 10.dxe4 Qxd1 11.Rxd1 Bg7 12.Nc3 O-O 13.Bf4  1/2-1/2

[Event "II Int Open"]
[Site "Alajuela CRC"]
[Date "2006.07.15"]
[Round "7"]
[White "Valdes,Le"]
[Black "Arias,Le"]
[Result "1/2-1/2"]
[WhiteElo "2400"]
[BlackElo "2253"]

1.Nf3 d5 2.g3 Bg4 3.Bg2 c6 4.c4 e6 5.O-O Nd7 6.b3 Be7 7.Bb2 Ngf6 8.d3 O-O
9.Na3 Re8 10.Nc2 Bf8 11.Qd2 e5 12.b4 dxc4 13.dxc4 Nb6 14.Qxd8 Raxd8 15.Bxe5 Bxf3
16.Bxf6 Bxg2 17.Bxd8 Bxf1 18.Bxb6 Bxe2 19.Bxa7 Bxc4  1/2-1/2

[Event "II Int Open"]
[Site "Alajuela CRC"]
[Date "2006.07.15"]
[Round "8"]
[White "Valdes,Le"]
[Black "Georgiev,Vl"]
[Result "0-1"]
[WhiteElo "2400"]
[BlackElo "2518"]

1.Nf3 d5 2.g3 c6 3.Bg2 Bg4 4.O-O Nd7 5.d3 Ngf6 6.Nbd2 e6 7.b3 Bc5 8.Bb2 O-O
9.a3 a5 10.c4 Re8 11.h3 Bh5 12.Qc2 Rc8 13.Bc3 e5 14.e3 Bd6 15.b4 Bg6 16.Nh4 axb4
17.axb4 d4 18.exd4 exd4 19.Bxd4 Bxb4 20.Nxg6 hxg6 21.Rab1 Bc5 22.Bxf6 Nxf6
23.Nf3 Rc7 24.Rb3 Rd7 25.Rfb1 Rde7 26.Bf1 b6 27.Qb2 Rd7 28.Qc1 Nh5 29.Kg2 Rd6
30.Qg5 Rf6 31.Qg4 Rf5 32.h4 Nf6 33.Qh3 Bd4 34.Rd1 c5 35.Nxd4 Qxd4 36.f4 Re3
37.Rdb1  0-1

[Event "25th Open"]
[Site "St Veit AUT"]
[Date "2006.07.15"]
[Round "8"]
[White "Smole,A"]
[Black "Manole,V"]
[Result "1/2-1/2"]
[WhiteElo "2136"]
[BlackElo "2383"]

1.Nf3 d5 2.g3 c6 3.Bg2 Bg4 4.O-O Nd7 5.d4 Ngf6 6.b3 e6 7.c4 Bd6 8.Bb2 O-O
9.Nc3 Qe7 10.cxd5 exd5 11.Re1 Rfe8 12.Nd2 Bf5 13.a3 Nb6 14.e4 dxe4 15.Ndxe4 Nxe4
16.Nxe4 Nd5 17.Qd2 Bxe4 18.Rxe4 Qd7 19.Rae1 Rxe4 20.Rxe4 a6 21.Qe1 Kf8 22.Qf1 Re8
23.Bh3 Qd8 24.Qe1 Re7 25.Rxe7 Qxe7 26.Qxe7+ Nxe7 27.Bd7 a5 28.Kf1 Nd5 29.Bc8 b6
30.Bd7 c5 31.dxc5 Bxc5 32.Ke2 Ke7 33.Bc6 Kd6 34.Be8 f6 35.f3 Nc7 36.Bf7 Ke7
37.Bg8 h6 38.Kd3 Kd6 39.a4 Ke7 40.Bc1 Bg1 41.h3 Bc5 42.Kc4 Kd7 43.Bd2 Kc6
44.Bf7 Kd6 45.g4 Ke7 46.Bf4 Bd6 47.Bxd6+ Kxd6 48.f4 g5 49.fxg5 hxg5 50.Kd4  1/2-1/2

[Event "3rd ACT"]
[Site "Amsterdam NED"]
[Date "2006.07.16"]
[Round "2"]
[White "Heemskerk,W"]
[Black "Moll,A"]
[Result "1/2-1/2"]
[WhiteElo "2298"]
[BlackElo "2180"]

1.Nf3 d5 2.g3 Nf6 3.Bg2 c5 4.O-O Nc6 5.d4 e6 6.c4 Be7 7.cxd5 exd5 8.Nc3 O-O
9.Bg5 c4 10.Ne5 Be6 11.e3 Nd7 12.Bxe7 Nxe7 13.Qe2 a6 14.Rad1 Qc7 15.e4 Nxe5
16.dxe5 dxe4 17.Qxe4 Rab8 18.Rd6 Rfe8 19.Qd4 Nc8 20.Nd5 Qa5 21.Rxe6 fxe6
22.Nf4 Qc7 23.Bh3 Ne7 24.Nxe6 Qc6 25.f4 Qd5 26.Rd1 Qxd4+ 27.Rxd4 b5 28.Rd7 Nc6
29.Nxg7 Re7 30.Rd6 Kxg7 31.Rxc6 Rbb7 32.Kf2 Rbc7 33.Rxc7 Rxc7 34.Ke3 b4 35.Kd2 c3+
36.bxc3 Rxc3 37.Be6 h5 38.Bb3 Kg6 39.Bc2+ Kf7 40.Bb3+ Kg6 41.Bc2+ Kf7 42.Bd3 a5
43.Ke3 a4 44.Kd4 a3 45.Bc4+ Kg6 46.Bd5 Kf5 47.Be4+ Kg4 48.Bd5 Kf5 49.Be4+ Kg4
50.Bd5  1/2-1/2

[Event "US Junior"]
[Site "Dallas USA"]
[Date "2006.07.17"]
[Round "4"]
[White "Maltese,A"]
[Black "Kleiman,J"]
[Result "0-1"]
[WhiteElo "2216"]
[BlackElo "2271"]

1.Nf3 d5 2.g3 c6 3.Bg2 Bg4 4.O-O Nd7 5.c4 e6 6.b3 Ngf6 7.Bb2 Bd6 8.d4 O-O
9.Nc3 Qe7 10.h3 Bh5 11.g4 Bg6 12.Nh4 Nxg4 13.Nxg6 fxg6 14.hxg4 Qh4 15.f4 Rxf4
16.Rxf4 Bxf4 17.Qd3 Bg3 18.Qe3 Qh2+ 19.Kf1 Rf8+ 20.Qf3 Rxf3+ 21.exf3 h5 22.Ne2 hxg4
23.fxg4 Nf6 24.cxd5 Nxg4  0-1

[Event "6th TCh-Euro u18"]
[Site "Balatonlelle HUN"]
[Date "2006.07.18"]
[Round "7"]
[White "Pap,G"]
[Black "Jurcik,Mart"]
[Result "1-0"]
[WhiteElo "2412"]
[BlackElo "2309"]

1.Nf3 d5 2.g3 c6 3.Bg2 Bf5 4.O-O e6 5.d3 Nf6 6.Nbd2 Be7 7.Qe1 h6 8.e4 dxe4
9.dxe4 Bh7 10.Qe2 O-O 11.e5 Nd5 12.Ne4 Nd7 13.c4 N5b6 14.Rd1 Qc7 15.Bf4 Bxe4
16.Qxe4 Rfd8 17.Be3 Nf8 18.Bf1 Nbd7 19.Bd4 a5 20.h4 Nc5 21.Qe3 b6 22.b3 Rab8
23.Bc3 Na6 24.Nd4 Bc5 25.Qe4 Bxd4 26.Bxd4 c5 27.Bc3 Nb4 28.Rd6 Rxd6 29.exd6 Qc6
30.Qg4 e5 31.Bxe5 Ne6 32.Bg2 Qd7 33.Be4 Nc6 34.Bxg7 h5 35.Qf3 Nxg7 36.Bxc6 Qxd6
37.Bd5 Qe7 38.Rd1 Re8 39.Rd3 Qc7 40.Qf6 Re7 41.Kg2 Kf8 42.Bxf7 Rxf7 43.Rd8+ Ne8
44.Qh8+ Ke7 45.Qxe8+ Kf6 46.Rd5  1-0